000 00306nam a2200133Ia 4500
100 _aBhattacharya/ & others
942 _cBK
654 _aelectronics
245 _aIndustrial electronics & Controls
260 _bTata Mc Graw hill
_aNew Delhi
_c1995
300 _a649
546 _aENGLISH
999 _c26097
_d26097